TV Show Characters (2000s) Quiz Stats

 Plays Quiz Updated Aug 18, 2015

Challenge
Share
Tweet
Score 0/24 Timer 05:00
1 Play Today
Hint Answer % Correct
Dr. Gregory House (House, MD)
89.1%
Dwight Schrute (The Office)
79.5%
Adrian Monk (Monk)
72.8%
Robin Scherbatsky (How I Met Your Mother)
61.3%
Liz Lemon (30 Rock)
61.1%
Christopher Turk (Scrubs)
56.8%
Michelangelo (TMNT)
52.9%
Veronica Mars (Veronica Mars)
51.4%
John Locke (Lost)
51.1%
Jesse Pinkman (Breaking Bad)
50.4%
Lorelai Gilmore (Gilmore Girls)
47.1%
George Michael Bluth (Arrested Development)
45.8%
Hint Answer % Correct
Alan Harper (Two and a Half Men)
39.3%
Cristina Yang (Grey's Anatomy)
34.4%
Peggy Olson (Mad Men)
28.9%
Aang (Avatar: The Last Airbender)
27.1%
Sam Winchester (Supernatural)
25.5%
Blair Waldorf (Gossip Girl)
24.2%
Horatio Caine (CSI: Miami)
23.3%
Rose Tyler (Doctor Who)
22.4%
Malcolm Reynolds (Firefly)
20.2%
Sydney Bristow (Alias)
19%
Nancy Botwin (Weeds)
16.1%
Mark Corrigan (Peep Show)
7.4%

You're not logged in!

Compare scores with friends on all Sporcle quizzes.
OR
Log In

You Might Also Like...

Show Comments

Extras

Top Quizzes Today


Score Distribution

Your Account Isn't Verified!

In order to create a playlist on Sporcle, you need to verify the email address you used during registration. Go to your Sporcle Settings to finish the process.

Report this User

Report this user for behavior that violates our Community Guidelines.

Details: